Statistics for First 100 words of The Fellowship of the Ring

Click here to take the quiz!

General Stats

  • This quiz has been taken 479 times
  • The average score is 39 of 100

Answer Stats

Answer % Correct
the
97%
the
97%
the
97%
the
97%
The
97%
a
93%
a
93%
in
78%
Bilbo
74%
Bilbo
74%
of
69%
of
69%
of
69%
of
69%
was
68%
was
68%
was
68%
was
68%
Bag
68%
was
68%
Bag
68%
Baggins
65%
End
63%
he
63%
he
63%
End
63%
and
60%
Shire
60%
and
60%
and
60%
and
60%
and
60%
And
60%
it
57%
be
53%
birthday
52%
there
51%
his
50%
his
50%
his
50%
party
50%
When
47%
for
45%
that
38%
at
38%
that
38%
that
38%
had
35%
had
35%
had
35%
Mr
32%
would
31%
old
30%
if
30%
from
29%
Hobbiton.
29%
with
27%
with
27%
ever
24%
been
21%
years,
20%
Hill
19%
much
19%
very
19%
very
19%
eleventy-first
18%
announced
18%
special
17%
back
15%
full
15%
treasure.
15%
celebrating
15%
talk
15%
rich
15%
magnificence,
14%
unexpected
14%
since
13%
return.
13%
now
13%
say,
13%
shortly
11%
peculiar,
11%
wonder
10%
tunnels
10%
travels
10%
excitement
10%
sixty
10%
folk
10%
riches
9%
become
9%
legend,
9%
might
9%
disappearance
9%
brought
9%
remarkable
8%
believed,
8%
local
8%
stuffed
7%
whatever
7%
popularly
6%

Score Distribution

Percentile by Number Answered

Percent of People with Each Score

Your Score History

You have not taken this quiz